000 00656nam a2200253Ia 4500
003 OSt
005 20250806160337.0
008 210210b2017 xxu||||| |||| 00| 0 eng d
020 _a9780521139878
040 _cAL
041 _aeng
082 _a530.15 RILM
100 _aRiley K F
_9214153
245 _aMathematical methods for physics and engineering Ed 3
250 _a3
260 _aDelhi
_bCambridge University Press
_c2017
300 _axxvii,1333p.
650 _aphysics
_9214154
650 _aMathematical
_9214156
690 _aMathematical Physics
_9214161
700 _aHobson M P
_9214162
906 _a072594
942 _2ddc
_cREF
999 _c122433
_d122433